<?xml version="1.0" encoding="UTF-8"?>
<record
    xmlns:xsi="http://www.w3.org/2001/XMLSchema-instance"
    xsi:schemaLocation="http://www.loc.gov/MARC21/slim http://www.loc.gov/standards/marcxml/schema/MARC21slim.xsd"
    xmlns="http://www.loc.gov/MARC21/slim">

  <leader>00959nam a2200229 a 4500</leader>
  <controlfield tag="001">BRCA_9051</controlfield>
  <controlfield tag="005">20190320210516.0</controlfield>
  <controlfield tag="008">010917s1789----sp-#######---#000-0#spa-#</controlfield>
  <datafield tag="041" ind1=" " ind2=" ">
    <subfield code="a">spa</subfield>
  </datafield>
  <datafield tag="044" ind1=" " ind2=" ">
    <subfield code="a">sp</subfield>
  </datafield>
  <datafield tag="084" ind1=" " ind2=" ">
    <subfield code="a">CO43</subfield>
    <subfield code="b">.F43 1789</subfield>
  </datafield>
  <datafield tag="100" ind1="1" ind2=" ">
    <subfield code="a">Febrero, Josef</subfield>
    <subfield code="9">21692</subfield>
  </datafield>
  <datafield tag="245" ind1="1" ind2="0">
    <subfield code="a">Librer&#xED;a de escribanos, &#xE9; instrucci&#xF3;n jur&#xED;dica theorico de practica de principiantes</subfield>
    <subfield code="b">parte primera dividida en tres tomos: trata de testamentos, y contratos: obra util&#xED;sima para toda clase de personas</subfield>
    <subfield code="c">su autor Don Josef Febrero...</subfield>
  </datafield>
  <datafield tag="260" ind1=" " ind2=" ">
    <subfield code="a">Madrid</subfield>
    <subfield code="b">En la Imprenta de D. Pedro Marin</subfield>
    <subfield code="c">1789</subfield>
  </datafield>
  <datafield tag="300" ind1=" " ind2=" ">
    <subfield code="a">482 p. (t.1)</subfield>
    <subfield code="c">22.4 x 15.4 cm</subfield>
  </datafield>
  <datafield tag="500" ind1=" " ind2=" ">
    <subfield code="a">Con privilegio, y licencias necesarias</subfield>
  </datafield>
  <datafield tag="500" ind1=" " ind2=" ">
    <subfield code="a">Estado f&#xED;sico: presentan encuadernaci&#xF3;n en pergamino con cintas rotas y lomo semi desprendido</subfield>
  </datafield>
  <datafield tag="650" ind1="1" ind2="4">
    <subfield code="a">Derecho</subfield>
    <subfield code="y">Obras anteriores a 1800</subfield>
    <subfield code="9">22151</subfield>
  </datafield>
  <datafield tag="650" ind1="1" ind2="4">
    <subfield code="a">Derecho procesal</subfield>
    <subfield code="y">Obras anteriores a 1800</subfield>
    <subfield code="9">21693</subfield>
  </datafield>
  <datafield tag="902" ind1=" " ind2=" ">
    <subfield code="a">CFM</subfield>
  </datafield>
  <datafield tag="942" ind1=" " ind2=" ">
    <subfield code="2">lcc</subfield>
    <subfield code="c">B</subfield>
  </datafield>
  <datafield tag="999" ind1=" " ind2=" ">
    <subfield code="c">8701</subfield>
    <subfield code="d">8701</subfield>
  </datafield>
  <datafield tag="952" ind1=" " ind2=" ">
    <subfield code="0">0</subfield>
    <subfield code="1">0</subfield>
    <subfield code="4">0</subfield>
    <subfield code="7">0</subfield>
    <subfield code="a">BRCA</subfield>
    <subfield code="b">BRCA</subfield>
    <subfield code="d">2017-09-01</subfield>
    <subfield code="l">0</subfield>
    <subfield code="o">CO43 .F43 1789</subfield>
    <subfield code="p">CFM00406</subfield>
    <subfield code="r">2019-03-22 00:00:00</subfield>
    <subfield code="w">2019-03-22</subfield>
    <subfield code="y">B</subfield>
  </datafield>
</record>
